00542nam a22001697a 4500003000400000005001700004008004100021020001800062050002400080082003000104245009900134260005600233300004000289521002100329526001600350562000600366OSt20140310182941.0130204t xxu||||| |||| 00| 0 eng d a9789715506236 aHQ1757b.L297 2009 aFIL959.9035082bL297 2009 aAmazons of the Huk rebellionbgender, sex, and revolution in the PhilippinescLanzona, Vina A. aMadison, Wis.bUniversity of Wisconsin Presscc2009 axviii, 370 p. c23 cm.bill., maps  acollege students c1210L-1700L e1